FIFA World Cup- Last Place Finishes - Statistics

General Stats
  • This quiz has been taken 9 times
  • The average score is 12 of 22
Answer Stats
Year Host Last Place % Correct
1930 Uruguay Mexico
75%
1958 Sweden Mexico
75%
1978 Argentina Mexico
75%
2018 Russia Panama
75%
1934 Italy United States
75%
1998 France United States
75%
1986 Mexico Canada
63%
2022 Qatar Qatar
63%
1938 France Dutch East Indies
50%
2010 South Africa North Korea
50%
2002 Japan/South Korea Saudi Arabia
50%
1954 Switzerland South Korea
50%
1962 Chile Switzerland
50%
1966 England Switzerland
50%
1990 Italy United Arab Emirates
50%
2014 Brazil Cameroon
38%
1970 Mexico El Salvador
38%
1982 Spain El Salvador
38%
2006 Germany Serbia and Montenegro
38%
1974 West Germany Zaire
38%
1994 United States Greece
25%
1950 Brazil Bolivia
13%
No matching quizzes found
Score Distribution
Percent of People with Each Score
Percentile by Number Answered
Your Score History
You have not taken this quiz